PŘÍSPĚVEK K SVĚTELNÉMU MIKROKLIMATU LESNÍCH POROSTŮ

Bibliographic Details
Main Author: Pasák, Vlastimil (Author)
Format: Article
Language:Czech

MARC

LEADER 00000nab a2200000ua 4500
001 vtls010841305
003 SK-MaSNL
005 20260303103821.0
008 230121s1953 xo |||||||||||||||||cze|
035 |a (urnnbn)urn:nbn:sk:snk:ar-a06ybj 
035 |a urn:nbn:sk:snk-ab63vw 
035 |a (uuid)49b2f157-ba07-4361-a891-fbd80913f477 
040 |a SNKBUCL  |b slo  |c SNKBUCL  |e AACR2 
041 0 |a cze 
044 |a xo  |c SK 
100 1 |a Pasák, Vlastimil  |4 aut  |9 241443 
245 1 0 |a PŘÍSPĚVEK K SVĚTELNÉMU MIKROKLIMATU LESNÍCH POROSTŮ  |c Vlastimil Pasák 
773 0 |t Meteorologické zprávy  |g Roč. 6, č. 5 (1953), s. 117-121 
954 |a odborná, vedecká literatúra cudzojazyčná (svetová)  |2 lita 
958 |a OND 
958 |a EUIPO 
958 |a article5 
999 |c 1852182  |d 1854112